000 00453nam a2200157Ia 4500
008 170221s9999 xx 000 0 und d
100 _aPradeep Tewari
245 _aEvolutions in Photojournalism in India (2001 to 2011)
245 _cPradeep Tewari
260 _bOnline Journal of Communication and Media Technologies
260 _c2015
300 _a5 : 2
650 _xCommunication
650 _xMedia Arts
856 _uhttp://www.ojcmt.net/
999 _c307022
_d307022